书目信息 |
| 题名: |
人间时节
|
|
| 作者: | 陈帆 著 | |
| 分册: | ||
| 出版信息: | 北京 北京大学出版社 2018 |
|
| 页数: | 328页 | |
| 开本: | 22cm | |
| 丛书名: | ||
| 单 册: | ||
| 中图分类: | K892.18 , J424 | |
| 科图分类: | ||
| 主题词: | 二十四节气--er shi si jie qi--基本知识 , 风光摄影--feng guang she ying--中国--现代--摄影集 | |
| 电子资源: | ||
| ISBN: | 978-7-301-29792-6 | |
| 000 | 01066nam0 2200265 450 | |
| 001 | 1949763107 | |
| 005 | 20181205142900.8 | |
| 010 | @a978-7-301-29792-6@b精装@dCNY 88.00 | |
| 099 | @aCAL 012018184144 | |
| 100 | @a20181129d2018 em y0chiy50 ea | |
| 101 | 0 | @achi |
| 102 | @aCN@b110000 | |
| 105 | @aa z 000yy | |
| 200 | 1 | @a人间时节@Aren jian shi jie@e跟着镜头走进中国二十四节气@f陈帆著 |
| 210 | @a北京@c北京大学出版社@d2018 | |
| 215 | @a328页@c彩图@d22cm | |
| 330 | @a本书集文化随笔、摄影作品于一体, 以二十四节气为顺序,用散文随笔的形式抒写了对时节更迭的细腻感受,并结合传统文化进行深层次的解读。同时,作者亦用精致且温暖的摄影作品感知、诠释自然风物季节变换的魅力,重温人与天地万物感应共鸣的静谧时光。 | |
| 517 | 1 | @a跟着镜头走进中国二十四节气@Agen zhe jing tou zou jin zhong guo er shi si jie qi |
| 606 | 0 | @a二十四节气@Aer shi si jie qi@x基本知识 |
| 606 | 0 | @a风光摄影@Afeng guang she ying@y中国@z现代@j摄影集 |
| 690 | @aK892.18@v5 | |
| 690 | @aJ424@v5 | |
| 701 | 0 | @a陈帆@Achen fan@4著 |
| 801 | 0 | @aCN@bPUL@c20181129 |
| 905 | @aBZT@dK892.18@e1 | |
| 人间时节:跟着镜头走进中国二十四节气/陈帆著.-北京:北京大学出版社,2018 |
| 328页:彩图;22cm |
| ISBN 978-7-301-29792-6(精装):CNY 88.00 |
| 本书集文化随笔、摄影作品于一体, 以二十四节气为顺序,用散文随笔的形式抒写了对时节更迭的细腻感受,并结合传统文化进行深层次的解读。同时,作者亦用精致且温暖的摄影作品感知、诠释自然风物季节变换的魅力,重温人与天地万物感应共鸣的静谧时光。 |
| ● |
| 相关链接 |
|
|
|
正题名:人间时节
索取号:K892.18/1
 
预约/预借
| 序号 | 登录号 | 条形码 | 馆藏地/架位号 | 状态 | 备注 |
| 1 | 868402 | 2000868402 | 第二书库/ [索取号:K892.18/1] | 在馆 | |
| 2 | 868403 | 2000868403 | 第二书库/ [索取号:K892.18/1] | 在馆 | |
| 3 | 868404 | 2000868404 | 第二书库/ [索取号:K892.18/1] | 在馆 |